000 00468nam a2200133Ia 4500
001 4437
008 241024s9999 xx 000 0 und d
082 _aRD/348/R426l/630-16
100 _aRepública Dominicana. (Leyes, resoluciones, jurispridencia, etc)
245 0 _aLey orgánica No. 630-16, del 28 de julio de 2016 del Ministerio de Relaciones Exteriores y del servicio exterior
260 _bSanto Domingo
_c2016
901 _a15/9/2016 12:04:06 p.m.
999 _c9507
_d9507